000 00636nam a2200121Ia 4500
008 220620s9999||||xx |||||||||||||| ||und||
100 _aMuhammad Aizzat Zakaria||Volkan Sezer||Yanjun Huang||Umar Zakir Abdul Hamid||Bin Li
245 0 _aPath Planning for Autonomous Vehicles - Ensuring Reliable Driverless Navigation and Control Maneuver
546 _aEnglish[eng]
650 _aPhysical Sciences||Engineering and Technology||Robotics||Evolutionary Robotics||Autonomous Vehicle
856 _uhttps://www.intechopen.com/books/path-planning-for-autonomous-vehicles-ensuring-reliable-driverless-navigation-and-control-maneuver
942 _cEB
999 _c25525
_d25525